000 00365 a2200145 4500
001 165619
020 _a
040 _cMagnum
100 _aNeves, Iara Conceicao Bitencourt Et Al.
240 1 0 _aLer e escrever: compromisso de todas as areas
_lpor
245 1 0 _aLer e escrever: compromisso de todas as areas
362 0 _a1899
697 _aENSINO
942 _cBK
999 _c165619
_d165619